000 01272nam0a22003131 4500
001 rc\4565880
005 20130416185433.2
021 _aRU
_b[67-12149]
035 _a(NLR Aleph) 008648716
090 _a8988328
_c8988328
100 _a20130416d1966 |||y0rusy50 ca
101 0 _arus
102 _aRU
105 _aa z |||||
200 1 _aПути улучшения качества вин и коньяков Молдавии
_e[Обзор]
_fИн-т экон. исследований и науч.-техн. информации при Госплане МССР
210 _aКишинев
_cБ. и.
_d1966
215 _a41 с., включ. обл.
_cчерт.
_d20
300 _aАвт. указаны на 2-й с. обл.
320 _aБиблиогр.: с. 38-40 (38 назв.)
606 _aВиноделие
_2psbo
606 _aКоньяки
_xПроизводство
_2psbo
700 1 _aМалтабар
_bВ. М.
_gВасилий Маркович
701 1 _aТохмахчи
_bН. С.
712 0 2 _aИнститут экон. исследований и научно-технической информации (Кишинев)
801 0 _aRU
_bNLR
_gpsbo
801 1 _aRU
_bELAR
_2rusmarc
852 _aNLR
_j67-4/4792
942 _cBOOK
980 _aNB